000 00755cam a22002533a 4500
001 798
003 PGUSA
005 20140828082953.0
008 970101s1997||||xxu|||||s|||||000 1 eng d
040 _aPGUSA
_beng
042 _adc
050 4 _aPQ
100 1 _aStendhal,
_d1783-1842
245 1 0 _aLe Rouge et le noir :
_bchronique du XIXe siècle
_h[electronic resource] /
_cStendhal
260 _bProject Gutenberg,
_c1997
506 _aPublic domain in the USA.
516 _aElectronic text
653 _aBildungsromans
653 _aYoung men -- France -- Fiction
653 _aFrance -- Social life and customs -- 19th century -- Fiction
830 0 _aProject Gutenberg
_v798
856 4 0 _uhttp://www.gutenberg.org/ebooks/798
942 _cEB
999 _c230149
_d230149